Тест на общие знания №21 - Statistics

General Stats
  • This quiz has been taken 55 times
  • The average score is 7 of 20
Answer Stats
Вопрос Ответ % Correct
На каком острове, согласно одноимённому мультфильму, оказались лев, зебра, жираф и гиппопотам? Мадагаскар
78%
Назовите самый распространённый язык германской группы английский
63%
К какому виду животных относятся Смауг, Хаку и Беззубик? дракон
61%
Какой греческий философ жил в бочке? Диоген
56%
Кому принадлежит флаг "Весёлый Роджер"? пираты
54%
Какую серию фильмов было бы корректнее назвать "Парк Мелового периода"? "Парк Юрского периода"
54%
Назовите любой из двух видов млекопитающих, откладывающих яйца утконос / ехидна
49%
Кого поймал рыбак из известного интернет-мема "Рыба моей мечты"? язь
37%
Какое женское имя также переводится с английского как "алый"? Скарлетт
34%
Как называлась валюта Нидерландов до введения евро? гульден
27%
Какое космическое тело пролетает в окрестности Земли с периодичностью 75-76 лет? комета Галлея
24%
Какое вещество известно также как монооксид дигидрогена? вода
24%
Какое место также было известно под названием Аушвиц-Биркенау? Освенцим
24%
Назовите противоположность комплекса Электры Эдипов комплекс
24%
Как называется кулинар, специализирующийся на готовке пиццы? пиццайоло
20%
Какая современная страна когда-то была личной собственностью бельгийского короля Леопольда II? Демократическая Республика Конго
20%
Какой фильм был запрещён к показу в Японии в 2023-м году? "Оппенгеймер"
15%
В каком городе можно найти Коулун? Гонконг
10%
Какое животное даёт ангорскую шерсть? ангорский кролик
10%
В каком виде спорта есть "правила Маркиза Куинсберри"? бокс
7%
No matching quizzes found
Score Distribution
Percent of People with Each Score
Percentile by Number Answered
Your Score History
You have not taken this quiz